000 01522nam a2200397 i 4500
001 101106
003 FINmELB
005 20241217173115.0
006 m o u
007 cr cn|||||||||
008 220825s2021 sp b o 001 0 spa d
020 _a9788441507630
_q(digital)
020 _z9788441541986
_q(impreso)
035 _a(OCoLC)1342051621
040 _aFINmELB
_bspa
_erda
_cFINmELB
050 4 _aHD30.2
_bP373 2021
080 _a303.682
082 0 4 _a658.4038
_223
100 1 _aPascual Cid, Víctor,
_eautor.
245 1 0 _aAnalítica visual :
_bcómo explorar, analizar y comunicar datos /
_cVíctor Pascual Cid, Pere Rovira Samblancat.
264 1 _aMadrid :
_bEdiciones Anaya Multimedia,
_c2021.
264 4 _c©2020
300 _a1 recurso en línea (221 páginas) :
_bgráficos (color), mapas (color)
336 _atexto
_btxt
_2rdacontent/spa
337 _acomputadora
_bc
_2rdamedia/spa
338 _arecurso en línea
_bcr
_2rdacarrier/spa
490 1 _aSocial business
588 _aDescripción basada en metadatos suministrados por el editor y otras fuentes.
590 _aRecurso electrónico. Santa Fe, Arg.: elibro, 2022. Disponible vía World Wide Web. El acceso puede estar limitado para las bibliotecas afiliadas a elibro.
650 4 _aSociometría.
655 4 _aLibros electrónicos.
700 1 _aRovira Samblancat, Pere,
_eautor.
797 2 _aelibro, Corp.
830 0 _aSocial business.
856 4 0 _uhttps://elibro.net/ereader/politecnicointernacional/217097
999 _c101106
_d101106